000 00622nam a22002297a 4500
003 UA-OsUOA
001 65510
007 ta
008 20091124b un ||||| |||| 00| 0 ukr d
100 _aІльницький М.
090 _a016:929(477)
_bІ-45
942 _cBK
040 _aUA-OsUOA
_bukr
_cUA-OsUOA
_dUA-OsUOA
245 _aБіобібліографічний покажчик
300 _a254 с.
955 _a2
041 _aukr
080 _a016:929(477)
260 _aЛьвів
_c2004
650 7 _a01 Бібліографія і бібліографії. Каталоги
_2UDC
999 _c352690
_d352690